[Event "24th Bosnjaci Open 2019"]
[Site "Bosnjaci"]
[Date "2019.01.06"]
[Round "5.1"]
[White "Zaja, Ivan"]
[Black "Ivekovic, Bozidar"]
[Result "1/2-1/2"]
[WhiteElo "2458"]
[BlackElo "2398"]
[Annotator "ChessBase"]
[PlyCount "145"]
[EventDate "2019.01.03"]
[EventType "swiss"]
[EventCountry "CRO"]
[SourceTitle "playchess.com"]
[Source "ChessBase"]
[SourceQuality "1"]
[TimeControl "5400+30"]

1. d4 {[%emt 0:00:30]} d5 {[%emt 0:00:30]} 2. c4 {[%emt 0:00:00]} c6 {[%emt 0:00:00]} 3. Nf3 {[%emt 0:00:00]} Nf6 {[%emt 0:00:00]} 4. Nc3 {[%emt 0:00:00]} dxc4 {[%emt 0:00:00]} 5. a4 {[%emt 0:00:00]} Bf5 {[%emt 0:00:00]} 6. Nh4 {[%emt 0:10:30]} Bc8 {[%emt 0:00:30]} 7. Nf3 {[%emt 0:00:00]} Bf5 {[%emt 0:00:00]} 8. Nh4 {[%emt 0:01:00]} Bc8 {[%emt 0:00:00]} 9. e3 {[%emt 0:00:30]} b6 {[%emt 0:34:30]} 10. Bxc4 {[%emt 0:00:30]} Ba6 {[%emt 0:00:00]} 11. Qe2 {[%emt 0:04:30]} Bxc4 {[%emt 0:01:00]} 12. Qxc4 {[%emt 0:00:30]} e6 {[%emt 0:01:30]} 13. Nf3 {[%emt 0:00:30]} Be7 {[%emt 0:01:30]} 14. Ne5 {[%emt 0:06:30]} Qc8 {[%emt 0:05:30]} 15. e4 {[%emt 0:13:30]} Nfd7 {[%emt 0:02:30]} 16. Bf4 {[%emt 0:03:30]} Nxe5 {[%emt 0:07:30]} 17. Bxe5 {[%emt 0:00:00]} O-O {[%emt 0:02:30]} 18. O-O {[%emt 0:07:00]} Qa6 {[%emt 0:00:30]} 19. Qb3 {[%emt 0:00:30]} Nd7 {[%emt 0:03:30]} 20. Bg3 {[%emt 0:01:30]} Rac8 {[%emt 0:05:30]} 21. Rfd1 {[%emt 0:00:30]} Nf6 {[%emt 0:04:30]} 22. Bh4 {[%emt 0:02:30]} Rfe8 {[%emt 0:00:00]} 23. Rac1 {[%emt 0:04:30]} h6 {[%emt 0:02:00]} 24. Rc2 {[%emt 0:03:30]} Qa5 {[%emt 0:01:30]} 25. e5 {[%emt 0:02:30]} Nd5 {[%emt 0:02:30]} 26. Bxe7 {[%emt 0:10:30]} Nxe7 {[%emt 0:00:00]} 27. Ne4 {[%emt 0:00:30]} Qd5 {[%emt 0:05:00]} 28. Qd3 {[%emt 0:00:00]} Red8 {[%emt 0:00:30]} 29. Nd6 {[%emt 0:01:00]} Rc7 {[%emt 0:00:30]} 30. Qc4 {[%emt 0:03:30]} Qxc4 {[%emt 0:01:30]} 31. Rxc4 {[%emt 0:00:30]} Nc8 {[%emt 0:00:30]} 32. Nb5 {[%emt 0:00:30]} Rb7 {[%emt 0:03:17]} 33. Rxc6 {[%emt 0:00:30]} a6 {[%emt 0:00:33]} 34. Rc7 {[%emt 0:05:30]} Rxc7 {[%emt 0:01:28]} 35. Nxc7 {[%emt 0:00:30]} Ne7 {[%emt 0:01:05]} 36. b3 {[%emt 0:03:59]} Rc8 {[%emt 0:04:01]} 37. Nxa6 {[%emt 0:00:52]} Nd5 {[%emt 0:00:05]} 38. b4 {[%emt 0:00:47]} Rc4 {[%emt 0:00:27]} 39. a5 {[%emt 0:02:53]} Nxb4 {[%emt 0:01:47]} 40. Nxb4 {[%emt 0:02:07]} Rxb4 {[%emt 0:00:58]} 41. axb6 {[%emt 0:00:10]} h5 {[%emt 0:00:45]} 42. g3 {[%emt 0:00:30]} Rxb6 {[%emt 0:00:07]} 43. h4 {[%emt 0:00:41]} g6 {[%emt 0:00:33]} 44. Rd3 {[%emt 0:00:02]} Rb2 {[%emt 0:00:41]} 45. Rf3 {[%emt 0:00:30]} Kg7 {[%emt 0:00:34]} 46. Rf4 {[%emt 0:00:30]} Ra2 {[%emt 0:00:17]} 47. Kg2 {[%emt 0:02:13]} Rb2 {[%emt 0:00:07]} 48. Kf3 {[%emt 0:00:42]} Ra2 {[%emt 0:00:16]} 49. g4 {[%emt 0:01:19]} Ra3+ {[%emt 0:00:29]} 50. Ke4 {[%emt 0:01:15]} hxg4 {[%emt 0:00:26]} 51. Rxg4 {[%emt 0:00:03]} Kf8 {[%emt 0:01:05]} 52. h5 {[%emt 0:02:11]} gxh5 {[%emt 0:00:41]} 53. Rh4 {[%emt 0:00:01]} Ra2 {[%emt 0:04:46]} 54. f4 {[%emt 0:01:33]} Re2+ {[%emt 0:01:39]} 55. Kf3 {[%emt 0:00:18]} Re1 {[%emt 0:00:11]} 56. Rxh5 {[%emt 0:00:07]} Ke7 {[%emt 0:00:22]} 57. f5 {[%emt 0:00:44]} exf5 {[%emt 0:01:18]} 58. Rxf5 {[%emt 0:00:04]} Ke6 {[%emt 0:00:25]} 59. Rf6+ {[%emt 0:00:15]} Ke7 {[%emt 0:00:01]} 60. Rb6 {[%emt 0:00:44]} Kd7 {[%emt 0:02:30]} 61. Kf4 {[%emt 0:00:11]} Ke7 {[%emt 0:00:13]} 62. Kf5 {[%emt 0:00:05]} Kd7 {[%emt 0:00:10]} 63. Rb7+ {[%emt 0:01:53]} Ke8 {[%emt 0:00:12]} 64. d5 {[%emt 0:00:19]} Rh1 {[%emt 0:01:19]} 65. d6 {[%emt 0:03:06]} Rf1+ {[%emt 0:00:24]} 66. Ke4 {[%emt 0:00:07]} Re1+ {[%emt 0:00:02]} 67. Kd4 {[%emt 0:00:19]} Rd1+ {[%emt 0:00:13]} 68. Ke3 {[%emt 0:00:57]} f6 {[%emt 0:03:30]} 69. Re7+ {[%emt 0:00:50]} Kd8 {[%emt 0:01:05]} 70. Ke4 {[%emt 0:00:59]} fxe5 {[%emt 0:00:06]} 71. Rxe5 {[%emt 0:00:47]} Rxd6 {[%emt 0:00:07]} 72. Rd5 {[%emt 0:00:02]} Rxd5 {[%emt 0:00:04]} 73. Kxd5 {[%emt 0:00:36]} 1/2-1/2

[Event "24th Bosnjaci Open 2019"]
[Site "Bosnjaci"]
[Date "2019.01.06"]
[Round "5.2"]
[White "Klasan, Vladimir"]
[Black "Fercec, Nenad"]
[Result "0-1"]
[WhiteElo "2364"]
[BlackElo "2451"]
[Annotator "ChessBase"]
[PlyCount "72"]
[EventDate "2019.01.03"]
[EventType "swiss"]
[EventCountry "CRO"]
[SourceTitle "playchess.com"]
[Source "ChessBase"]
[SourceQuality "1"]
[TimeControl "5400+30"]

1. e4 {[%emt 0:00:30]} c5 {[%emt 0:00:30]} 2. Nf3 {[%emt 0:00:00]} d6 {[%emt 0:00:00]} 3. d4 {[%emt 0:00:00]} Nf6 {[%emt 0:00:00]} 4. Nc3 {[%emt 0:00:30]} cxd4 {[%emt 0:00:00]} 5. Nxd4 {[%emt 0:00:00]} a6 {[%emt 0:00:00]} 6. Qf3 {[%emt 0:00:00]} e6 {[%emt 0:06:30]} 7. g4 {[%emt 0:00:30]} Qc7 {[%emt 0:00:30]} 8. g5 {[%emt 0:02:30]} Nfd7 {[%emt 0:00:30]} 9. Be3 {[%emt 0:01:30]} Ne5 {[%emt 0:03:30]} 10. Qg2 {[%emt 0:10:30]} b5 {[%emt 0:17:30]} 11. a3 {[%emt 0:05:30]} Nbd7 {[%emt 0:01:30]} 12. f4 {[%emt 0:04:30]} Nc4 {[%emt 0:00:00]} 13. Bxc4 {[%emt 0:01:30]} Qxc4 {[%emt 0:00:00]} 14. O-O-O {[%emt 0:04:30]} b4 {[%emt 0:13:30]} 15. axb4 {[%emt 0:04:30]} Qxb4 {[%emt 0:01:30]} 16. Nb3 {[%emt 0:17:30]} Nc5 {[%emt 0:09:30]} 17. Bxc5 {[%emt 0:12:30]} dxc5 {[%emt 0:09:30]} 18. f5 {[%emt 0:02:30]} c4 {[%emt 0:10:30]} 19. Rd4 {[%emt 0:09:30]} Bc5 {[%emt 0:01:30]} 20. Nxc5 {[%emt 0:07:36]} Qxc5 {[%emt 0:00:30]} 21. Rhd1 {[%emt 0:00:10]} O-O {[%emt 0:00:00]} 22. g6 {[%emt 0:06:20]} exf5 {[%emt 0:07:55]} 23. gxh7+ {[%emt 0:01:46]} Kh8 {[%emt 0:02:11]} 24. Nd5 {[%emt 0:01:42]} fxe4 {[%emt 0:03:09]} 25. Qxe4 {[%emt 0:01:14]} Be6 {[%emt 0:01:56]} 26. Rxc4 {[%emt 0:00:29]} Qf2 {[%emt 0:02:17]} 27. Qf4 {[%emt 0:00:54]} Qg2 {[%emt 0:00:56]} 28. Ne3 {[%emt 0:01:02]} Qg6 {[%emt 0:00:28]} 29. Rc5 {[%emt 0:00:35]} Rac8 {[%emt 0:01:02]} 30. Rg5 {[%emt 0:01:28]} Qh6 {[%emt 0:00:04]} 31. Nf5 {[%emt 0:00:57]} Qf6 {[%emt 0:00:13]} 32. h4 {[%emt 0:00:56]} Rc4 {[%emt 0:00:50]} 33. Rd4 {[%emt 0:00:42]} Rfc8 {[%emt 0:02:01]} 34. Rxc4 {[%emt 0:00:08]} Rxc4 {[%emt 0:00:04]} 35. Qd6 {[%emt 0:00:39]} Rxc2+ {[%emt 0:00:35]} 36. Kd1 {[%emt 0:00:29]} Rc8 {[%emt 0:00:20]} 0-1

[Event "24th Bosnjaci Open 2019"]
[Site "Bosnjaci"]
[Date "2019.01.06"]
[Round "5.3"]
[White "Sale, Srdjan"]
[Black "Zovko, Mario"]
[Result "1/2-1/2"]
[WhiteElo "2446"]
[BlackElo "2318"]
[Annotator "TA"]
[PlyCount "138"]
[EventDate "2019.01.03"]
[EventType "swiss"]
[EventCountry "CRO"]
[SourceTitle "playchess.com"]
[Source "ChessBase"]
[SourceQuality "1"]

{[%evp 19,138,10,17,11,11,19,15,14,4,-8,-14,-6,0,-26,-18,-23,-24,-21,-24,-22,-25,-27,-12,-20,-19,-30,-35,-40,-25,-27,56,56,59,57,56,61,69,53,49,35,79,69,94,89,90,64,127,53,51,26,23,23,28,27,27,25,56,62,154,160,256,257,254,222,284,108,108,108,156,142,139,85,85,85,85,0,85,79,106,87,91,87,93,90,169,162,239,238,298,177,167,146,129,101,101,106,109,91,101,106,91,50,114,83,112,117,111,108,122,127,111,56,67,0,1,0,0,0,0,0,0]} 1. Nf3 d5 2. g3 Nc6 3. Bg2 e5 4. d3 g6 5. O-O Bg7 6. Nc3 {A07: Réti Opening: New York and Capablanca Systems} (6. Nbd2 Nge7 7. e4 O-O 8. exd5 Nxd5 9. Re1 Re8 10. a3 Bf5 11. Ne4 b6 12. Bg5 f6 13. c4 Bxe4 14. Rxe4 Nde7 15. Bc1 Qd7 16. Re1 Rad8 17. Bf1 {0-1 (29) Mamedyarov,S (2801)-Giri,A (2782) chess.com INT 2018}) 6... Nge7 7. e4 dxe4 8. dxe4 Qxd1 9. Rxd1 Bg4 10. Be3 a6 {LiveBook: 3 Games} 11. h3 Bxf3 12. Bxf3 Nd4 13. Bxd4 exd4 14. Ne2 {[#]} O-O-O $146 ({Predecessor:} 14... c5) 15. Nf4 Nc6 16. Nd5 Ne5 17. Be2 c6 18. Nf4 Rhe8 19. a4 a5 20. Bd3 Nd7 21. Re1 Re7 22. Re2 Rde8 23. Rae1 Nc5 24. b3 $1 Ne6 (24... Be5 $11) 25. Nxe6 $14 Rxe6 26. f4 Kc7 27. Kg2 Bf8 28. Kf3 Bb4 29. Rh1 Rb8 30. g4 {[%cal Bg3g4,Bg4g5][%mdl 32]} b5 31. g5 bxa4 32. bxa4 Bf8 ({Better is} 32... h5 $14) 33. Bc4 (33. e5 $16) 33... Re7 34. c3 dxc3 35. Rc1 Rb4 36. Rxc3 Kb6 37. Rd2 Rc7 38. Rd8 Be7 {[#]} (38... Bc5 $1 $14) 39. Rb8+ $1 $16 Rb7 (39... Ka7 $16 {was worth a try.} 40. Rh8 f6) 40. Rxb7+ $18 Kxb7 41. Bxf7 Rxa4 {[%mdl 4096] Endgame KRB-KRB} 42. Be8 $2 (42. Bg8 $18 {and White stays clearly on top.}) 42... Ra1 $16 43. Bxc6+ Kc7 44. Bd5+ Kd7 45. Rb3 (45. Rc4 $142) 45... Rf1+ 46. Kg4 Rg1+ 47. Kf3 Rf1+ 48. Kg3 Rg1+ 49. Kh2 Rf1 50. Rb7+ Kd8 51. Kg3 Rg1+ (51... a4 $16) 52. Kf2 $18 Bc5+ (52... Rd1 $142 53. Rb8+ Kd7) 53. Ke2 Be7 54. Bc6 (54. Rb8+ $142 Kd7 55. Rh8) 54... Rc1 55. Rd7+ Ke8 56. Bb5 Rb1 {[#] White must now prevent ...Rb2+.} 57. Rd5+ Kf8 58. f5 gxf5 59. Rxf5+ Kg7 60. Bc4 {Rf7+ is the strong threat.} Kg6 ({Black should play} 60... Bb4 $14) 61. Bf7+ $16 Kg7 62. Bh5 {Hoping for Rf7+.} Bb4 63. Rf7+ Kg8 64. Rb7 Re1+ 65. Kf3 (65. Kd3 $16) 65... Bd2 $14 66. Rb5 (66. Bf7+ $14 Kf8 67. Bd5) 66... Re3+ $11 {The position is equal.} 67. Kg4 Rxe4+ 68. Kf5 Rf4+ 69. Ke5 Rb4 {Accuracy: White = 59%, Black = 51%.} 1/2-1/2

[Event "24th Bosnjaci Open 2019"]
[Site "Bosnjaci"]
[Date "2019.01.06"]
[Round "5.4"]
[White "Muha, Miljenko"]
[Black "Rogulj, Branko"]
[Result "1/2-1/2"]
[WhiteElo "2310"]
[BlackElo "2413"]
[Annotator "TA"]
[PlyCount "91"]
[EventDate "2019.01.03"]
[EventType "swiss"]
[EventCountry "CRO"]
[SourceTitle "playchess.com"]
[Source "ChessBase"]
[SourceQuality "1"]

{[%evp 23,91,6,12,0,0,-9,-29,-22,1,0,0,0,0,-31,-26,-55,-35,-39,-18,-39,-36,-50,-52,-63,-67,-119,-119,-108,-112,-96,-95,-231,-224,-222,-176,-181,-147,-137,-131,-122,-88,-88,0,0,0,0,0,0,0,0,0,0,0,0,0,0,0,0,0,0,0,0,0,0,0,0,0,0,0,0]} 1. Nf3 Nf6 2. c4 c5 3. Nc3 Nc6 4. e3 g6 5. d4 cxd4 6. exd4 d5 7. cxd5 Nxd5 8. Qb3 e6 9. Bb5 Bg7 10. O-O {A35: Symmetrical English: 2 Nc3 Nc6 3 Nf3} O-O 11. Nxd5 exd5 12. Bxc6 bxc6 {LiveBook: 5 Games} 13. Bg5 $146 ({Predecessor:} 13. Bf4 Qb6 14. Qc3 Bf5 15. Be5 f6 16. Bd6 Rfe8 17. Rfe1 Bh6 {½-½ (34) Barbosa,O (2511)-Le,Q (2726) Philadelphia 2017}) 13... Qb6 14. Be7 Re8 15. Bc5 Qa5 16. h3 Ba6 17. Rfe1 Be2 $1 18. Ng5 Qb5 19. h4 a5 20. Qxb5 Bxb5 (20... cxb5 {is more complex.} 21. f3 a4 22. Kf2 Bd3 23. g3 h6) 21. Nf3 Re4 22. Rxe4 dxe4 23. Ne5 f6 {[%cal Bf7f6,Bf6e5][%mdl 32]} 24. a4 ({White should play} 24. Ng4 $15) 24... fxe5 $17 25. axb5 cxb5 {[%mdl 4096] Endgame KRB-KRB} 26. d5 Bf8 27. Bb6 {[#]} (27. d6 $17) 27... a4 $1 $19 28. Bc7 Kf7 29. Bxe5 Rc8 30. Rd1 b4 31. Rd4 Rc5 {Threatens to win with ...a3.} 32. Kh2 a3 ({Better is} 32... Rb5 $17 {And now ...a3 would win.} 33. Kg3 a3 34. bxa3 b3) 33. Rxb4 $11 {The position is equal.} Rxd5 34. Rb7+ $1 Ke6 35. Bg3 h5 (35... a2 $5 36. Ra7 $8 Rd2 37. Rxa2 Bc5 $11) 36. bxa3 Bxa3 37. Rb6+ Kf5 38. Rb7 Bc5 39. Rf7+ Ke6 40. Rc7 Bd4 41. Rc6+ Kf5 42. Rc8 Bc5 43. Rc6 e3 44. fxe3 Bxe3 45. Rc3 Bd2 46. Rc4 {Accuracy: White = 58%, Black = 77%.} 1/2-1/2

[Event "24th Bosnjaci Open 2019"]
[Site "Bosnjaci"]
[Date "2019.01.06"]
[Round "5.5"]
[White "Bobanac, Miro"]
[Black "Beletic, Daniel"]
[Result "1/2-1/2"]
[WhiteElo "2308"]
[BlackElo "2371"]
[Annotator "NA"]
[PlyCount "152"]
[EventDate "2019.01.03"]
[EventType "swiss"]
[EventCountry "CRO"]
[SourceTitle "playchess.com"]
[Source "ChessBase"]
[SourceQuality "1"]
[TimeControl "5400+30"]

1. Nf3 {[%emt 0:00:30]} d6 {[%emt 0:00:30]} 2. c4 {[%emt 0:03:30]} e5 {[%emt 0:00:30]} 3. Nc3 {[%emt 0:00:30]} f5 {[%emt 0:01:30]} 4. e3 {[%emt 0:05:30]} Nf6 {[%emt 0:06:30]} 5. b3 {[%emt 0:02:30]} Be7 {[%emt 0:03:30]} 6. Bb2 {[%emt 0:00:30]} O-O {[%emt 0:00:30]} 7. Qc2 {[%emt 0:04:30]} Nc6 {[%emt 0:21:30]} 8. a3 {[%emt 0:07:30]} Kh8 {[%emt 0:16:30]} 9. h3 {[%emt 0:12:30]} a6 {[%emt 0:35:35]} 10. O-O-O {[%emt 0:13:30]} Ne4 {[%emt 0:02:04]} 11. d4 {[%emt 0:14:30]} Nxc3 {[%emt 0:00:08]} 12. Bxc3 {[%emt 0:00:30]} e4 {[%emt 0:00:38]} 13. d5 {[%emt 0:03:30]} exf3 {[%emt 0:00:03]} 14. dxc6 {[%emt 0:00:30]} bxc6 {[%emt 0:00:56]} 15. gxf3 {[%emt 0:01:30]} Be6 {[%emt 0:00:35]} 16. Rg1 {[%emt 0:03:30]} Bf6 {[%emt 0:00:06]} 17. Bd3 {[%emt 0:02:30]} Rb8 {[%emt 0:00:15]} 18. b4 {[%emt 0:06:15]} a5 {[%emt 0:02:27]} 19. Kd2 {[%emt 0:04:35]} axb4 {[%emt 0:00:12]} 20. axb4 {[%emt 0:00:07]} d5 {[%emt 0:01:05]} 21. cxd5 {[%emt 0:02:40]} Bxd5 {[%emt 0:00:40]} 22. Ke2 {[%emt 0:00:52]} Qe7 {[%emt 0:00:39]} 23. Rb1 {[%emt 0:01:11]} Ra8 {[%emt 0:00:47]} 24. Ra1 {[%emt 0:02:55]} Be5 {[%emt 0:01:36]} 25. Ra5 {[%emt 0:00:34]} Qf6 {[%emt 0:00:47]} 26. Rc1 {[%emt 0:01:40]} Rab8 {[%emt 0:00:29]} 27. b5 {[%emt 0:01:05]} cxb5 {[%emt 0:01:26]} 28. Bxe5 {[%emt 0:00:33]} Qxe5 {[%emt 0:00:03]} 29. Qxc7 {[%emt 0:00:18]} Qb2+ {[%emt 0:00:38]} 30. Rc2 {[%emt 0:00:18]} Qb3 {[%emt 0:01:09]} 31. Ra7 {[%emt 0:01:15]} Rg8 {[%emt 0:00:15]} 32. Qc3 {[%emt 0:00:54]} Qxc3 {[%emt 0:00:43]} 33. Rxc3 {[%emt 0:00:08]} b4 {[%emt 0:01:30]} 34. Rc5 {[%emt 0:00:13]} Rgd8 {[%emt 0:00:28]} 35. Bxf5 {[%emt 0:01:12]} g6 {[%emt 0:00:35]} 36. Bb1 {[%emt 0:01:26]} Rbc8 {[%emt 0:00:25]} 37. Rac7 {[%emt 0:00:44]} Rxc7 {[%emt 0:00:13]} 38. Rxc7 {[%emt 0:00:07]} Bb3 {[%emt 0:00:25]} 39. Bd3 {[%emt 0:00:45]} Rb8 {[%emt 0:01:05]} 40. e4 {[%emt 0:01:29]} Be6 {[%emt 0:00:24]} 41. h4 {[%emt 0:00:19]} b3 {[%emt 0:00:28]} 42. f4 {[%emt 0:00:25]} b2 {[%emt 0:00:22]} 43. Bb1 {[%emt 0:00:10]} Rb3 {[%emt 0:00:33]} 44. f5 {[%emt 0:00:46]} gxf5 {[%emt 0:00:06]} 45. exf5 {[%emt 0:00:08]} Bxf5 {[%emt 0:01:09]} 46. Bxf5 {[%emt 0:00:07]} b1=Q {[%emt 0:00:09]} 47. Bxb1 {[%emt 0:00:09]} Rxb1 {[%emt 0:00:08]} 48. Kf3 {[%emt 0:00:15]} Rb8 {[%emt 0:01:07]} 49. Re7 {[%emt 0:00:24]} Rf8+ {[%emt 0:00:30]} 50. Ke3 {[%emt 0:01:00]} Rf5 {[%emt 0:00:20]} 51. Re4 {[%emt 0:00:34]} Kg7 {[%emt 0:00:28]} 52. Rg4+ {[%emt 0:00:15]} Kh6 {[%emt 0:00:17]} 53. f3 {[%emt 0:01:25]} Ra5 {[%emt 0:00:47]} 54. Kf2 {[%emt 0:00:30]} Ra2+ {[%emt 0:00:28]} 55. Kg3 {[%emt 0:00:05]} Ra1 {[%emt 0:00:04]} 56. Re4 {[%emt 0:00:16]} Rg1+ {[%emt 0:00:36]} 57. Kf4 {[%emt 0:00:09]} Kg6 {[%emt 0:00:49]} 58. Re5 {[%emt 0:00:56]} Ra1 {[%emt 0:00:33]} 59. Rg5+ {[%emt 0:01:31]} Kf6 {[%emt 0:00:13]} 60. Rc5 {[%emt 0:00:49]} Ra4+ {[%emt 0:00:12]} 61. Kg3 {[%emt 0:00:07]} Rb4 {[%emt 0:00:29]} 62. Rc6+ {[%emt 0:00:58]} Kg7 {[%emt 0:00:14]} 63. h5 {[%emt 0:00:21]} Rb1 {[%emt 0:00:38]} 64. h6+ {[%emt 0:00:16]} Kf7 {[%emt 0:00:11]} 65. Kg4 {[%emt 0:00:05]} Rb5 {[%emt 0:01:45]} 66. f4 {[%emt 0:00:10]} Ra5 {[%emt 0:00:29]} 67. Rd6 {[%emt 0:01:35]} Rb5 {[%emt 0:00:08]} 68. Ra6 {[%emt 0:00:09]} Rc5 {[%emt 0:00:07]} 69. f5 {[%emt 0:00:35]} Rc1 {[%emt 0:00:16]} 70. Ra7+ {[%emt 0:01:01]} Kf6 {[%emt 0:00:05]} 71. Rxh7 {[%emt 0:00:24]} Rg1+ {[%emt 0:00:21]} 72. Kf4 {[%emt 0:00:43]} Rf1+ {[%emt 0:00:11]} 73. Ke4 {[%emt 0:00:16]} Rxf5 {[%emt 0:01:23]} 74. Ra7 {[%emt 0:00:42]} Rh5 {[%emt 0:00:16]} 75. Ra6+ {[%emt 0:00:13]} Kf7 {[%emt 0:00:07]} 76. Kf4 {[%emt 0:00:13]} Rh1 {[%emt 0:00:33]} 1/2-1/2

[Event "24th Bosnjaci Open 2019"]
[Site "Bosnjaci"]
[Date "2019.01.06"]
[Round "5.6"]
[White "Lazor, Vladimir"]
[Black "Kovacevic, Blazimir"]
[Result "0-1"]
[WhiteElo "2164"]
[BlackElo "2488"]
[Annotator "TA"]
[PlyCount "106"]
[EventDate "2019.01.03"]
[EventType "swiss"]
[EventCountry "CRO"]
[SourceTitle "playchess.com"]
[Source "ChessBase"]
[SourceQuality "1"]

{[%evp 22,106,-8,-7,16,0,0,-54,-64,-56,-55,-75,16,-55,-40,-50,-51,-54,-56,-53,-34,-68,-38,-26,0,-45,0,-93,-95,-58,-32,-126,-114,-140,-150,-105,-93,-108,-67,-134,-95,-148,-141,-174,-154,-166,-149,-177,-156,-208,-210,-217,-208,-302,-295,-281,-243,-279,-194,-249,-203,-195,-206,-213,-192,-222,0,-220,-209,-185,-168,-266,-186,-262,-168,-243,-242,-864,-864,-852,-831,-833,-816,-821,-762,-908,-886]} 1. e4 c5 2. d3 Nc6 3. Nf3 g6 4. g3 Bg7 5. Bg2 e5 6. O-O Nge7 7. Nc3 d6 {[%cal Bd7d6,Bd6d5,Bd5d4][%mdl 32]} 8. Be3 O-O 9. Qd2 Nd4 10. Nh4 Be6 {B26: Closed Sicilian: 3 g3, lines with early Be3} 11. f4 exf4 12. Bxf4 {LiveBook: 8 Games} d5 {The position is equal.} (12... Qd7 13. Rae1 Rae8 14. Nd1 d5 15. c3 Ndc6 16. Nf2 b6 17. e5 d4 18. c4 {1-0 (26) Piorun,K (2609)-Kveinys,A (2511) Bad Wiessee 2015}) 13. Rae1 Qd7 14. Nf3 $146 (14. e5 $11) ({Predecessor:} 14. Bg5 f6 15. exd5 Nxd5 16. Bh6 Nxc3 17. bxc3 Nf5 18. Nxf5 Bxf5 19. Bxg7 Kxg7 {½-½ (48) Hochstrasser,M (2150)-Braeuning,R (2290) Germany 1998}) 14... Nxf3+ $15 15. Bxf3 d4 16. Ne2 c4 (16... Nc6 $17) 17. b3 ({White should try} 17. dxc4 $11 Bxc4 18. b3) 17... cxd3 18. cxd3 Nc6 19. Rc1 Rfc8 20. Bg2 Bg4 21. Bf3 Bh3 22. Bg2 Bg4 23. Bf3 Be6 24. Rc2 (24. Bg2 $11 {remains equal.}) 24... a5 $17 25. Rfc1 Bf8 26. e5 (26. Bg5 $15) 26... Bb4 27. Bxc6 bxc6 28. Qd1 Qd5 $36 {[%mdl 2048] [#] ...Bh3 is the strong threat. White is under strong pressure.} 29. Qf1 Bf5 30. Rd1 ({Better is} 30. Bh6 $15) 30... Bf8 31. Rc4 (31. h3 $142) 31... c5 32. Qg2 Qxg2+ 33. Kxg2 Re8 34. Ng1 {[#]} a4 $1 {[%mdl 512]} 35. bxa4 (35. Rxa4 $17 Rxa4 36. bxa4) 35... Be6 $19 36. Rc2 Rxa4 37. Ra1 (37. Nf3 $142) 37... Ra3 38. Rd2 Rea8 39. Kf2 Bxa2 40. Nf3 (40. Ne2 $142) 40... Bd5 41. Rxa3 Rxa3 42. Ne1 Be7 43. Bh6 Bf8 $2 (43... g5 $19 {Threatens to win with ...Ra6.} 44. Rb2 f6 45. exf6 Bxf6) 44. Bg5 $2 (44. Bf4 $1 $11 {and White stays safe.}) 44... h6 45. Bf6 g5 46. h3 (46. Rb2 {was worth a try.}) 46... Kh7 47. g4 (47. Rb2 {keeps fighting.}) 47... Bg7 48. Bxg7 (48. Rc2 $142) 48... Kxg7 {KRB-KRN} 49. Rc2 $2 (49. Nf3) 49... Ra2 {Black is clearly winning.} 50. Rxa2 Bxa2 51. Nf3 Bd5 52. Nd2 Kf8 53. Kg3 Ke7 {Accuracy: White = 25%, Black = 53%.} 0-1

[Event "24th Bosnjaci Open 2019"]
[Site "Bosnjaci"]
[Date "2019.01.06"]
[Round "5.7"]
[White "Ascic, Anto"]
[Black "Zufic, Miroslav"]
[Result "0-1"]
[WhiteElo "2093"]
[BlackElo "2389"]
[Annotator "NA"]
[PlyCount "99"]
[EventDate "2019.01.03"]
[EventType "swiss"]
[EventCountry "CRO"]
[SourceTitle "playchess.com"]
[Source "ChessBase"]
[SourceQuality "1"]
[TimeControl "5400+30"]

1. d4 {[%emt 0:01:30]} Nf6 {[%emt 0:00:30]} 2. c4 {[%emt 0:00:30]} e6 {[%emt 0:00:00]} 3. Nf3 {[%emt 0:00:00]} d5 {[%emt 0:00:00]} 4. Nc3 {[%emt 0:00:00]} Nbd7 {[%emt 0:00:30]} 5. cxd5 {[%emt 0:00:30]} exd5 {[%emt 0:00:30]} 6. Bg5 {[%emt 0:00:30]} c6 {[%emt 0:01:30]} 7. e3 {[%emt 0:00:30]} Be7 {[%emt 0:00:00]} 8. Bd3 {[%emt 0:00:00]} Nh5 {[%emt 0:00:00]} 9. Bxe7 {[%emt 0:00:00]} Qxe7 {[%emt 0:00:30]} 10. O-O {[%emt 0:00:30]} Nhf6 {[%emt 0:00:00]} 11. Qc2 {[%emt 0:02:30]} O-O {[%emt 0:00:00]} 12. Rfe1 {[%emt 0:01:30]} Re8 {[%emt 0:06:30]} 13. e4 {[%emt 0:02:30]} dxe4 {[%emt 0:04:30]} 14. Nxe4 {[%emt 0:01:30]} Qd8 {[%emt 0:02:30]} 15. Nfg5 {[%emt 0:17:30]} Nxe4 {[%emt 0:06:30]} 16. Nxe4 {[%emt 0:07:30]} Nf8 {[%emt 0:02:30]} 17. Rad1 {[%emt 0:04:30]} Bf5 {[%emt 0:07:30]} 18. Nc3 {[%emt 0:09:30]} Rxe1+ {[%emt 0:05:30]} 19. Rxe1 {[%emt 0:00:30]} Be6 {[%emt 0:02:30]} 20. Rd1 {[%emt 0:12:30]} Qa5 {[%emt 0:06:30]} 21. b3 {[%emt 0:06:30]} Rd8 {[%emt 0:10:30]} 22. h3 {[%emt 0:04:30]} h6 {[%emt 0:15:30]} 23. Be4 {[%emt 0:08:20]} Bd5 {[%emt 0:06:30]} 24. Bxd5 {[%emt 0:05:03]} cxd5 {[%emt 0:00:00]} 25. Ne2 {[%emt 0:02:35]} Ne6 {[%emt 0:00:00]} 26. Qd2 {[%emt 0:02:32]} Qc7 {[%emt 0:05:32]} 27. Rc1 {[%emt 0:00:38]} Qd6 {[%emt 0:00:14]} 28. g3 {[%emt 0:01:38]} Ng5 {[%emt 0:01:58]} 29. Kg2 {[%emt 0:00:42]} Qe6 {[%emt 0:00:17]} 30. Nf4 {[%emt 0:01:51]} Qe4+ {[%emt 0:00:40]} 31. Kf1 {[%emt 0:00:10]} Qh1+ {[%emt 0:03:17]} 32. Ke2 {[%emt 0:01:01]} Qf3+ {[%emt 0:00:53]} 33. Kf1 {[%emt 0:00:16]} Re8 {[%emt 0:05:53]} 34. Ng2 {[%emt 0:00:37]} Ne4 {[%emt 0:00:20]} 35. Qf4 {[%emt 0:00:57]} Qd3+ {[%emt 0:00:41]} 36. Kg1 {[%emt 0:00:10]} Qxd4 {[%emt 0:01:49]} 37. Rc7 {[%emt 0:01:36]} Qa1+ {[%emt 0:04:54]} 38. Kh2 {[%emt 0:01:16]} Rf8 {[%emt 0:00:52]} 39. Ne3 {[%emt 0:02:10]} Qxa2 {[%emt 0:00:51]} 40. Nxd5 {[%emt 0:02:04]} Qxf2+ {[%emt 0:00:37]} 41. Qxf2 {[%emt 0:00:08]} Nxf2 {[%emt 0:00:03]} 42. Rxb7 {[%emt 0:00:15]} a5 {[%emt 0:00:16]} 43. Ne7+ {[%emt 0:00:43]} Kh7 {[%emt 0:00:23]} 44. Nc6 {[%emt 0:00:05]} Ne4 {[%emt 0:01:16]} 45. Nxa5 {[%emt 0:00:24]} Rd8 {[%emt 0:00:14]} 46. Nc4 {[%emt 0:01:07]} Rd3 {[%emt 0:00:45]} 47. Rxf7 {[%emt 0:01:19]} Rxb3 {[%emt 0:00:28]} 48. g4 {[%emt 0:00:31]} Rc3 {[%emt 0:00:27]} 49. Ne5 {[%emt 0:00:29]} Rc2+ {[%emt 0:00:36]} 50. Kg1 {[%emt 0:01:23]} 0-1